|
|
|
|
| LEADER |
00709nam a2200229Ia 4500 |
| 008 |
240830s9999 xx 000 0 und d |
| 020 |
|
|
|a 970-10-2778-7
|
| 040 |
|
|
|a B-ESTELÍ- RUACS / 658 P669
|
| 041 |
|
|
|a spa
|
| 082 |
|
|
|a 658 P669
|
| 100 |
1 |
|
|a Pinto Villatoro, Roberto
|
| 245 |
1 |
0 |
|a Planeación estratégica de capacitación empresarial
|
| 260 |
|
|
|a México
|b McGraw-Hill
|c 2000
|
| 300 |
|
|
|a 206 p. :il
|
| 650 |
7 |
|
|a ADMINISTRACION - PLANEACION ESTRATEGICA
|
| 650 |
7 |
|
|b DIRECCION - PLANEACION ESTRATEGICA
|
| 650 |
7 |
|
|c ORGANIZACION - PLANEACION ESTRATEGICA
|
| 650 |
7 |
|
|d CLAVES EN LA PLANIFICACION
|
| 650 |
7 |
|
|e TECNICAS ANALITICAS - PLANEACION
|
| 942 |
|
|
|c BK
|2 ddc
|
| 991 |
|
|
|a TEXTO
|
| 999 |
|
|
|c 11425
|